Capital to Country Click Quiz #8 - Statistics

General Stats
  • This quiz has been taken 117 times
  • The average score is 16 of 20
Answer Stats
Hint Answer % Correct
Vatican City Vatican City
98%
Bogotá Colombia
97%
Helsinki Finland
96%
Manila Philippines
96%
Bucharest Romania
95%
Zagreb Croatia
91%
San José Costa Rica
90%
Addis Ababa Ethiopia
89%
Amman Jordan
88%
Ashgabat Turkmenistan
83%
Antananarivo Madagascar
79%
Dili East Timor
77%
Freetown Sierra Leone
77%
Yamoussoukro Ivory Coast
76%
Bandar Seri Begawan Brunei
75%
Naypyidaw Myanmar
71%
Nuku‘alofa Tonga
70%
Castries Saint Lucia
68%
Banjul Gambia
66%
Ngerulmud Palau
61%
No matching quizzes found
Score Distribution
Percent of People with Each Score
Percentile by Number Answered
Your Score History
You have not taken this quiz